Дело об увольнении учителя Витебской гимназии О.О. Гольдштейна, в связи с укусом его бешеным волком и о смерти его

Доступно только в Электронных читальных залах Найти на картеНа карте
RUSMARC
00004269nmc2a2200000 x 450
001ef2aecde-a882-4a97-bc44-a166ebb86c01
00520170124104654.0
100##$a20140715l18391840k l0rusy0189 ca
1010#$arus
102##$aRU
2001#$aДело об увольнении учителя Витебской гимназии О.О. Гольдштейна, в связи с укусом его бешеным волком и о смерти его
$j20 сентября 1839 г. - 15 июля 1840 г.
251##$cДело
300##$aДело
300##$aОриг. заголовок дела: Дело по представлению помощника Белорусского попечителя о выдаче пособия вдове учителя Гольдштейна, умершего от укуса бешеного волка. 20 сентября 1839 г. - 15 июля 1840 г
801#0$aRU
$bРГИА
$c20140715
$gRCR
801#1$aRU
$bГлавНИВЦ
$c20140715
$2rusmarc
801#2$aRU
$bПБ им. Б.Н. Ельцина
$c20170124
$gRCR
$2rusmarc
850##$aРГИА
852##$aРГИА
$eФедеральное казенное учреждение "Российский государственный исторический архив" (РГИА)
$j450
937##$hРГИА
$d11183827
$aASBIBLIO_SCAN
462#0$1001499f99e8-9f06-4dd6-b70c-0af0f1ebd6e9
$12001
$aДела Департамента народного просвещения по Белорусскому учебному округу
$1251
$cОпись
$1852
$j66
461#0$1001a74412a3-3cc5-4d21-8f0a-dfe2fbd9e72d
$12001
$aДепартамент народного просвещения Министерства народного просвещения (1803-1917)
$1251
$cФонд
$1852
$j733
215##$a13 л.
$d36,5x26 см
371##$aДокумент не является опубликованным и широко распространяемым
105##$ay###
1222#$ad
5171#$aДело по представлению помощника Белорусского попечителя о выдаче пособия вдове учителя Гольдштейна, умершего от укуса бешеного волка. 20 сентября 1839 г. - 15 июля 1840 г
035##$aef2aecde-a882-4a97-bc44-a166ebb86c01
856##$uhttp://readingroom.main.prlib.ru/item.aspx?id_node=n94790065&mode=full
Формат отображения